| 000 | 00696nam a2200217Ia 4500 | ||
|---|---|---|---|
| 003 | GCL | ||
| 008 | 140319s9999 xx 000 0 ara d | ||
| 040 |
_aGCL / _cGCL |
||
| 082 | 0 | 4 |
_a928.1 _bم ف |
| 100 | 1 | _aموسى سليمان | |
| 245 | 1 | 0 |
_aفى حكاياتهم: كبار رجال الادب العربى القديم فى شعراء وادباء ورواة / _cموسى سليمان |
| 260 |
_a[S.N] : _bدار الكتب اللبنانى ، _c1985 |
||
| 300 | _a465 ص | ||
| 490 | _a | ||
| 650 | 0 | 4 | _aالشعر العربى |
| 650 | 0 | 4 | _aالادب العربى |
| 650 | 0 | 4 | _aالادباء |
| 650 | 0 | 4 | _aتاريخ ونقد |
| 650 | 0 | 4 | _aالمجموعات |
| 942 |
_2ddc _cBK |
||
| 999 |
_c55131 _d55131 |
||